<?xml version="1.0" encoding="UTF-8"?><?xml-stylesheet type="text/xsl" href="static/style.xsl"?><OAI-PMH xmlns="http://www.openarchives.org/OAI/2.0/" xmlns:xsi="http://www.w3.org/2001/XMLSchema-instance" xsi:schemaLocation="http://www.openarchives.org/OAI/2.0/ http://www.openarchives.org/OAI/2.0/OAI-PMH.xsd"><responseDate>2026-06-30T02:01:08Z</responseDate><request verb="GetRecord" identifier="oai:repisalud.isciii.es:20.500.12105/16433" metadataPrefix="marc">https://repisalud.isciii.es/rest/oai/request</request><GetRecord><record><header><identifier>oai:repisalud.isciii.es:20.500.12105/16433</identifier><datestamp>2024-11-29T11:09:32Z</datestamp><setSpec>com_20.500.12105_15322</setSpec><setSpec>com_20.500.12105_2051</setSpec><setSpec>com_20.500.12105_2052</setSpec><setSpec>col_20.500.12105_16981</setSpec><setSpec>col_20.500.12105_16989</setSpec><setSpec>col_20.500.12105_19618</setSpec></header><metadata><record xmlns="http://www.loc.gov/MARC21/slim" xmlns:dcterms="http://purl.org/dc/terms/" xmlns:doc="http://www.lyncode.com/xoai" xmlns:xsi="http://www.w3.org/2001/XMLSchema-instance" xsi:schemaLocation="http://www.loc.gov/MARC21/slim http://www.loc.gov/standards/marcxml/schema/MARC21slim.xsd">
   <leader>00925njm 22002777a 4500</leader>
   <datafield ind2=" " ind1=" " tag="042">
      <subfield code="a">dc</subfield>
   </datafield>
   <datafield ind2=" " ind1=" " tag="720">
      <subfield code="a">de la Cuesta-Benjumea, Carmen</subfield>
      <subfield code="e">author</subfield>
   </datafield>
   <datafield ind2=" " ind1=" " tag="720">
      <subfield code="a">Arredondo-González, Claudia Patricia</subfield>
      <subfield code="e">author</subfield>
   </datafield>
   <datafield ind2=" " ind1=" " tag="720">
      <subfield code="a">Lidón-Cerezuela, Beatriz</subfield>
      <subfield code="e">author</subfield>
   </datafield>
   <datafield ind2=" " ind1=" " tag="720">
      <subfield code="a">Abad-Corpa, Eva</subfield>
      <subfield code="e">author</subfield>
   </datafield>
   <datafield ind2=" " ind1=" " tag="260">
      <subfield code="c">2021</subfield>
   </datafield>
   <datafield ind2=" " ind1=" " tag="520">
      <subfield code="a">[ES] Objetivo: Analizar y sintetizar la evidencia sobre la prevención de las caídas de las personas mayores de 65 años y los proveedores de cuidados familiares. Método: Síntesis cualitativa que forma parte de una revisión sistemática integrativa de diseño convergente. Se retuvieron 41 estudios cualitativos para su lectura a texto completo y quedaron seleccionados nueve estudios de proveedores de cuidados familiares. Resultados: Las relaciones de parentesco y de cuidados median en las intervenciones de los familiares para prevenir las caídas de las personas mayores; la caída de la persona dependiente constituye un punto de inflexión en estas relaciones. Las personas cuidadoras son un grupo vulnerable de sufrir una caída, y por ello son merecedoras de acciones preventivas. Conclusiones: Considerar el contexto de las relaciones familiares y de cuidados mejorará la eficacia de las intervenciones preventivas y facilitará su aceptación. Las políticas y los programas de prevención de las caídas deben prestar mayor atención a la salud y el bienestar de los/las proveedores/as de cuidados familiares. [EN] Objective: To analyse and synthesize the evidence on fall prevention of people older than 65 years and their family care providers METHOD: Qualitative synthesis, which is a part of a convergent systematic integrative review. Forty-one qualitative studies were retained for full text scrutiny. Nine studies on family care providers were selected for this synthesis. Results: Care providing, and kinship relationships mediated family care providers' interventions to prevent falls in older people. The fall of the dependent relative constitutes a turning point in these relationships. Family care providers are vulnerable to having a fall themselves and therefore receivers of preventive interventions. Conclusions: Taking into account the context of care and family relations will improve the effectiveness of preventive interventions and will facilitate adherence. Fall prevention policy and programmes must pay better attention to the health and wellbeing of family care providers.</subfield>
   </datafield>
   <datafield ind1="8" ind2=" " tag="024">
      <subfield code="a">Gac Sanit. 2021 Mar-Apr;35(2):186-192.</subfield>
   </datafield>
   <datafield ind1="8" ind2=" " tag="024">
      <subfield code="a">10.1016/j.gaceta.2019.10.004</subfield>
   </datafield>
   <datafield ind1="8" ind2=" " tag="024">
      <subfield code="a">1578-1283</subfield>
   </datafield>
   <datafield ind1="8" ind2=" " tag="024">
      <subfield code="a">Gaceta sanitaria</subfield>
   </datafield>
   <datafield ind1="8" ind2=" " tag="024">
      <subfield code="a">33268110</subfield>
   </datafield>
   <datafield ind1="8" ind2=" " tag="024">
      <subfield code="a">http://hdl.handle.net/20.500.12105/16433</subfield>
   </datafield>
   <datafield tag="653" ind2=" " ind1=" ">
      <subfield code="a">Accidental falls</subfield>
   </datafield>
   <datafield tag="653" ind2=" " ind1=" ">
      <subfield code="a">Accidentes por caídas</subfield>
   </datafield>
   <datafield tag="653" ind2=" " ind1=" ">
      <subfield code="a">Aged</subfield>
   </datafield>
   <datafield tag="653" ind2=" " ind1=" ">
      <subfield code="a">Ancianos</subfield>
   </datafield>
   <datafield tag="653" ind2=" " ind1=" ">
      <subfield code="a">Care providers</subfield>
   </datafield>
   <datafield tag="653" ind2=" " ind1=" ">
      <subfield code="a">Cuidadores familiares</subfield>
   </datafield>
   <datafield tag="653" ind2=" " ind1=" ">
      <subfield code="a">Medidas preventivas</subfield>
   </datafield>
   <datafield tag="653" ind2=" " ind1=" ">
      <subfield code="a">Prevention and control</subfield>
   </datafield>
   <datafield tag="653" ind2=" " ind1=" ">
      <subfield code="a">Revisión sistemática</subfield>
   </datafield>
   <datafield tag="653" ind2=" " ind1=" ">
      <subfield code="a">Systematic review</subfield>
   </datafield>
   <datafield ind2="0" ind1="0" tag="245">
      <subfield code="a">La prevención de las caídas de las personas mayores y sus familiares: una síntesis cualitativa</subfield>
   </datafield>
</record></metadata></record></GetRecord></OAI-PMH>